000 00288nam a2200121 a 4500
008 101214s1981|||| d
100 1 _aKorínek, Viliam
245 1 0 _aMelodické etudy pre husle
260 _bOpus
_aBratislava
_c1981
020 _c12,50
041 _aslo
044 _axo
_cSK
999 _c15238
_d15238